Normal view
MARC view
- Iñigo, Luisa
Entry Nombre Personal
001 - NUMERO DE CONTROL
- campo de control: 58562
003 - IDENTIFICADOR DE NUMERO DE CONTROL
- campo de control: MX-MxUPN
005 - FECHA Y HORA DE LA ÜLTIMA TRANSACCIÓN
- campo de control: 20260107155101.0
008 - DATOS DE LONGITUD FIJA
- campo de control de longitud fija: 260107|| aca||aabn | aaa d
040 ## - FUENTE DE CATALOGACIÓN
- Agencia original de catalogación: MX-MxUPN
- Lenguaje de catalogación: spa
- Agencia de transcripción: MX-MxUPN
100 1# - ENCABEZAMIENTO - NOMBRE PERSONAL
- Nombre personal: Iñigo, Luisa
670 ## - FUENTE EN LA QUE SE LOCALIZARON DATOS
- Cita de la fuente: Educación, Lenguaje y Sociedad, Vol. 18 Núm. 18 (2020):
- Información localizada: (Luisa Iñigo)
- Uniform Resource Identifier: https://cerac.unlpam.edu.ar/index.php/els/article/view/5929
902 ## - CATALOGADOR
- Catalogador: Víctor Ruiz/070126
